Trends in South and East Africa affecting United States trade in tobacco, (Record no. 11248)

MARC details
000 -LEADER
fixed length control field 00804cam a22002531 4500
001 - CONTROL NUMBER
control field agr50000774
003 - CONTROL NUMBER IDENTIFIER
control field DLC
005 - DATE AND TIME OF LATEST TRANSACTION
control field 20260227111014.0
008 - FIXED-LENGTH DATA ELEMENTS--GENERAL INFORMATION
fixed length control field 950328s1950 dcuab 000 0 eng
010 ## - LIBRARY OF CONGRESS CONTROL NUMBER
LC control number agr50000774
035 ## - SYSTEM CONTROL NUMBER
System control number (OCoLC)32316585
040 ## - CATALOGING SOURCE
Original cataloging agency DLC
Transcribing agency PPT
Modifying agency DLC
042 ## - AUTHENTICATION CODE
Authentication code premarc
043 ## - GEOGRAPHIC AREA CODE
Geographic area code f------
-- n-us---
050 00 - LIBRARY OF CONGRESS CALL NUMBER
Classification number S21
Item number .F6 no. 55
100 1# - MAIN ENTRY--PERSONAL NAME
Personal name Van Dyne, George Wheeler,
Dates associated with a name 1892-
245 10 - TITLE STATEMENT
Title Trends in South and East Africa affecting United States trade in tobacco,
Statement of responsibility, etc. by George W. Van Dyne.
260 ## - PUBLICATION, DISTRIBUTION, ETC.
Place of publication, distribution, etc. Washington,
Name of publisher, distributor, etc. [U.S. Govt. Print. Off.],
Date of publication, distribution, etc. 1950.
300 ## - PHYSICAL DESCRIPTION
Extent iv, 28 p.
Other physical details ill., maps
Dimensions 27 cm.
440 #0 - SERIES STATEMENT/ADDED ENTRY--TITLE
Title Foreign agriculture report,
Volume/sequential designation no. 55
500 ## - GENERAL NOTE
General note "October 1990."
650 #0 - SUBJECT ADDED ENTRY--TOPICAL TERM
Topical term or geographic name entry element Tobacco industry
Geographic subdivision Africa.
650 #0 - SUBJECT ADDED ENTRY--TOPICAL TERM
Topical term or geographic name entry element Tobacco industry
Geographic subdivision United States.

No items available.

Powered by Koha